En 2023, que célèbre-t-on en France ce jour-là ? - Statistiques

Statistiques générales
  • Ce quiz a été pris 124 fois
  • Le résultat moyen est 10 sur 16
Statistiques - réponses
Hint Réponse % Correct
14 juillet Fête nationale
92%
11 novembre Armistice de 1918
91%
1er mai Fête du travail
88%
1er janvier Jour de l'an
86%
25 décembre Noël
86%
8 mai Commémoration de la 2de Guerre mondiale
80%
15 août Assomption
66%
9 avril Pâques
54%
18 mai Ascension
50%
5 mars Fête des grands-mères
50%
18 juin Fête des Pères
50%
10 avril Lundi de Pâques
49%
2 avril Rameaux
49%
1er octobre Fête des grands-pères
46%
4 juin Fête des Mères
34%
28 mai Pentecôte
28%
Aucun quiz correspondant
Distribution des résultats
% des personnes avec chaque résultat
Percentile par nombre de réponses
Votre historique - résultats
Vous n’avez pas pris ce quiz